| 000 -LEADER |
| fixed length control field |
01500cam a22002417a 4500 |
| 020 ## - INTERNATIONAL STANDARD BOOK NUMBER |
| ISBN |
0131000705 |
| 040 ## - CATALOGING SOURCE |
| Transcribing agency |
AD# |
| 082 00 - DEWEY DECIMAL CLASSIFICATION NUMBER |
| Classification number |
530 PEA 2005 A081 Or. |
| 100 1# - MAIN ENTRY--AUTHOR NAME |
| Personal name |
Reid, David D. |
| 245 10 - TITLE STATEMENT |
| Title |
Physics for scientists and engineers : |
| Remainder of title |
Student study guide & selected solutions manual / |
| 246 30 - VARYING FORM OF TITLE |
| Title proper/short title |
Student study guide & selected solutions manual |
| 246 3# - VARYING FORM OF TITLE |
| Title proper/short title |
Student study guide and selected solutions manual |
| 250 ## - EDITION STATEMENT |
| Edition statement |
3rd ed. |
| 260 ## - PUBLICATION, DISTRIBUTION, ETC. (IMPRINT) |
| Place of publication |
Upper Saddle River, N.J. : |
| Name of publisher |
Pearson Prentice Hall, |
| Year of publication |
c2005. |
| 300 ## - PHYSICAL DESCRIPTION |
| Number of Pages |
273 p. : |
| Other physical details |
ill. ; |
| Dimensions |
28 cm. |
| 500 ## - GENERAL NOTE |
| General note |
Study guide for Physics for scientists and engineers by Fishbane, Gasiorowicz and Thornton. |
| 520 ## - SUMMARY, ETC. |
| Summary, etc |
This study guide is designed to assist you in your study of the fascinating and challenging world of physics using volume 1 of the second edition of Physics for Scientists and Engineers, by Fishbane, Gasiorowicz, and Thornton ... a chapter review is provided which consists of a comprehensive, but brief, review of every section in the text. Numerous solved examples and exercises appear throughout each chapter review ... each chapter contains a list of objectives, a practice quiz, a glossary of key terms and phrases, a table of important formulas, and a table that reviews the units of the new quantities introduced. Practice problems and selected solutions are included. |
| 650 #0 - SUBJECT ADDED ENTRY--TOPICAL TERM |
| Topical Term |
Physics. |
| 700 1# - ADDED ENTRY--PERSONAL NAME |
| Personal name |
Fishbane, Paul M. |
| 700 1# - ADDED ENTRY--PERSONAL NAME |
| Personal name |
Gasiorowicz, Stephen. |
| 700 1# - ADDED ENTRY--PERSONAL NAME |
| Personal name |
Thornton, Stephen T. |
| 942 ## - ADDED ENTRY ELEMENTS (KOHA) |
| Koha item type |
សៀវភៅភាសាអង់គ្លេស |
| 952 ## - LOCATION AND ITEM INFORMATION (KOHA) |
| Withdrawn status [LOCAL, KOHA] |
0 |